[Event "BAGDAD"]
[Site "SchemingMind.com"]
[Date "2021.09.28"]
[Round "-"]
[White "Kenny Elliott"]
[Black "Phillip Beckett"]
[Result "1/2-1/2"]
[WhiteCountry "USA"]
[BlackCountry "ENG"]
[WhiteElo "1549"]
[WhiteRD "66"]
[BlackElo "1493"]
[BlackRD "52"]
[GameID "715765"]

1. d4 d5 2. Nf3 Nf6 3. Nc3 e6 4. a3 c5 5. e3 Nc6 6. Bb5 a6 7. Bxc6+ bxc6 8. O-O c4 9. b3 cxb3 10. cxb3 Bd6
11. Bb2 O-O 12. Qc2 Bb7 13. Rad1 c5 14. Ne2 Rc8 15. Bc3 cxd4 16. exd4 Bxa3 17. Ng3 Bb4 18. Rd3 Qa5 19. Qb1 Bxc3 20. Ne5 Bb4
21. Qb2 Rfd8 22. Qe2 Rc3 23. Rxc3 Bxc3 24. Nh5 Nxh5 25. Qxh5 Qc7 26. Rc1 g6 27. Qf3 Rc8 28. h3 Qa5 29. Qxf7+ Kh8 30. Qxb7 Qc7
31. Qxa6 Kg7 32. Qxe6 Qd8 33. Qf7+ Kh8 34. Ng4 Bxd4 35. Rxc8 Qxc8 36. Qxd5 Qc1+ 37. Kh2 Qf4+ 38. Kg1 Qc1+ 39. Kh2 Qf4+ 40. Kg1 Qc1+
1/2-1/2

[Event "BAGDAD"]
[Site "SchemingMind.com"]
[Date "2021.09.28"]
[Round "-"]
[White "Quotidienne1"]
[Black "Kenny Elliott"]
[Result "0-1"]
[WhiteCountry "SWE"]
[BlackCountry "USA"]
[WhiteElo "1580"]
[WhiteRD "71"]
[BlackElo "1551"]
[BlackRD "71"]
[GameID "715766"]

1. e4 c5 2. Nf3 d6 3. d4 cxd4 4. Nxd4 e5 5. Nb3 Nf6 6. Bd3 Nc6 7. c4 Be7 8. Nc3 b6 9. O-O O-O 10. Be3 Bb7
11. Rc1 Rb8 12. Nd2 Qd7 13. h3 Rfe8 14. Nd5 Nxd5 15. cxd5 Nb4 16. Bc4 b5 17. Be2 Nxa2 18. Ra1 Nb4 19. Bxa7 Rbc8 20. Qb3 Nc2
21. Ra2 Nd4 22. Bxd4 exd4 23. Bxb5 Qd8 24. Bxe8 Bxd5
0-1

[Event "BAGDAD"]
[Site "SchemingMind.com"]
[Date "2021.09.28"]
[Round "-"]
[White "Derek Price"]
[Black "Kenny Elliott"]
[Result "1-0"]
[WhiteCountry "ENG"]
[BlackCountry "USA"]
[WhiteElo "2203"]
[WhiteRD "69"]
[BlackElo "1549"]
[BlackRD "66"]
[GameID "715767"]

1. c4 c5 2. Nf3 Nf6 3. Nc3 Nc6 4. g3 g6 5. Bg2 Bg7 6. O-O O-O 7. d4 d6 8. dxc5 dxc5 9. Be3 b6 10. Ng5 Bb7
11. Qa4 Qc8 12. Rad1 h6 13. Nge4 Nxe4 14. Nxe4 Ne5 15. Qb3 Qe6 16. Nxc5 bxc5 17. Qxb7 Rab8 18. Qxa7 Rxb2 19. Bxc5 Qxc4 20. a4 Rfb8
21. Ba3 R8b3 22. Bxb2 Rxb2 23. Qxe7 Qxa4 24. f4 Ng4 25. Rd7 Bd4+ 26. Kh1 Qxd7 27. Qxd7 Nf2+ 28. Rxf2 Bxf2 29. Bd5 Rb1+ 30. Kg2
1-0

[Event "BAGDAD"]
[Site "SchemingMind.com"]
[Date "2021.09.27"]
[Round "-"]
[White "grabapawn"]
[Black "Derek Price"]
[Result "0-1"]
[WhiteCountry "USA"]
[BlackCountry "ENG"]
[WhiteElo "1526"]
[WhiteRD "61"]
[BlackElo "2203"]
[BlackRD "69"]
[GameID "715768"]

1. f4 Nf6 2. b3 g6 3. Bb2 Bg7 4. Nf3 O-O 5. e3 d6 6. Bd3 Nbd7 7. O-O e5 8. Ng5 exf4 9. Rxf4 Ne5 10. Be2 Nd5
11. Nxf7 Rxf7 12. Rxf7 Nxf7 13. Bxg7 Kxg7 14. c4 Nf6 15. Nc3 c6 16. Qc2 Bd7 17. Rf1 Qe7 18. h3 Rf8 19. Qb2 Qe5 20. Qc2 Bxh3
21. Bf3 Bf5 22. e4 Qc5+ 23. Kh1 Bg4 24. Na4 Qh5+ 25. Kg1 Ne5 26. Qc3 Bxf3 27. gxf3 Nfg4
0-1

[Event "BAGDAD"]
[Site "SchemingMind.com"]
[Date "2021.09.28"]
[Round "-"]
[White "Derek Price"]
[Black "Gilligan"]
[Result "1-0"]
[WhiteCountry "ENG"]
[BlackCountry "USA"]
[WhiteElo "2203"]
[WhiteRD "69"]
[BlackElo "1704"]
[BlackRD "56"]
[GameID "715769"]

1. c4 b5 2. b3 Nf6 3. cxb5 e5 4. Bb2 d6 5. e3 c5 6. bxc6 Nxc6 7. Be2 Be7 8. Nf3 O-O 9. O-O Bb7 10. Nc3 Rc8
11. Rc1 e4 12. Ne1 d5 13. Nb5 a6 14. Nd4 Nxd4 15. Bxd4 Qd7 16. Rxc8 Rxc8 17. Nc2 Qc7 18. Bc3 Bd6 19. h3 a5 20. Nd4 Qb6
21. Qa1 Bb4 22. Rc1 Bxc3 23. Rxc3 Rxc3 24. Qxc3 h6 25. Bb5 Ba6 26. a4 Bxb5 27. axb5 Nd7 28. Qc8+ Nf8 29. Qc6 Qd8 30. b6 Kh7
31. b7 Qb8 32. Qc8
1-0

[Event "BAGDAD"]
[Site "SchemingMind.com"]
[Date "2021.09.28"]
[Round "-"]
[White "Derek Price"]
[Black "Phillip Beckett"]
[Result "1-0"]
[WhiteCountry "ENG"]
[BlackCountry "ENG"]
[WhiteElo "2203"]
[WhiteRD "69"]
[BlackElo "1493"]
[BlackRD "52"]
[GameID "715770"]

1. c4 e5 2. Nc3 Nf6 3. Nf3 Nc6 4. g3 Bb4 5. Bg2 d5 6. cxd5 Nxd5 7. Nxe5 Nxc3 8. bxc3 Nxe5 9. cxb4 c6 10. Bb2 f6
11. Qb3 Qd6 12. d4 Be6 13. dxe5 fxe5 14. Qc3 Qd4 15. Bxc6+ bxc6 16. Qxc6+
1-0

[Event "BAGDAD"]
[Site "SchemingMind.com"]
[Date "2021.09.27"]
[Round "-"]
[White "krzysztof"]
[Black "Derek Price"]
[Result "0-1"]
[WhiteCountry "POL"]
[BlackCountry "ENG"]
[WhiteElo "1493"]
[WhiteRD "84"]
[BlackElo "2214"]
[BlackRD "68"]
[GameID "715771"]

1. Na3 e5 2. e4 Nf6 3. Nf3 Nxe4 4. d3 Bb4+ 5. c3 Nxc3 6. Qd2 Nd5 7. Qxb4 Nxb4 8. Bd2 N4c6 9. Be2 O-O 10. h4 d5
11. h5 h6 12. Nh4 Be6 13. f4 exf4 14. Nf3 Re8 15. d4 Bg4 16. Bxf4 Bxf3 17. gxf3 Nxd4 18. O-O-O Nxe2+ 19. Kb1 Nxf4 20. Nc2 c6
21. Rd4 Qf6 22. Rdd1 Nd7 23. a3 Re2 24. Rd4 Rxc2 25. Kxc2 Qxd4 26. Rd1 Qc4+ 27. Kb1 Qb3 28. Rc1 Nd3 29. Rc2 Re8 30. Rc3 Qxb2#
0-1

[Event "BAGDAD"]
[Site "SchemingMind.com"]
[Date "2021.09.27"]
[Round "-"]
[White "Derek Price"]
[Black "ray winteringham"]
[Result "1-0"]
[WhiteCountry "ENG"]
[BlackCountry "ENG"]
[WhiteElo "2203"]
[WhiteRD "69"]
[BlackElo "1451"]
[BlackRD "49"]
[GameID "715772"]

1. c4 b5 2. b3 e5 3. cxb5 d5 4. Nf3 Bd6 5. Bb2 f6 6. Nc3 Bb7 7. e3 Ne7 8. Be2 c6 9. O-O Nd7 10. bxc6 Bxc6
11. Nb5 Qb8 12. Nxd6+ Qxd6 13. a4 Qe6 14. Ba3 O-O 15. Rc1 Rfe8 16. Nh4 Qf7 17. Bxe7
1-0

[Event "BAGDAD"]
[Site "SchemingMind.com"]
[Date "2021.09.27"]
[Round "-"]
[White "Daniel Dubé"]
[Black "Derek Price"]
[Result "0-1"]
[WhiteCountry "CAN"]
[BlackCountry "ENG"]
[WhiteElo "1589"]
[WhiteRD "61"]
[BlackElo "2214"]
[BlackRD "68"]
[GameID "715773"]

1. d4 d5 2. c4 c6 3. Nf3 Nf6 4. Nc3 e6 5. Bg5 h6 6. Bxf6 Qxf6 7. Qb3 Nd7 8. e3 Bd6 9. cxd5 exd5 10. Be2 O-O
11. O-O Qe7 12. a4 a5 13. Rfc1 Nf6 14. Bd3 Re8 15. h3 g5 16. Ne2 Kg7 17. Ne5 Bxe5 18. dxe5 Qxe5 19. Nd4 g4 20. hxg4 Nxg4
21. Nf3 Qf6 22. Bc2 Re4 23. Bxe4 dxe4 24. Rc4 Be6 25. Qxb7 Bxc4 26. Qxa8 Qxb2 27. Rd1 Qxf2+ 28. Kh1 exf3 29. Qxc6 Qxg2#
0-1

[Event "BAGDAD"]
[Site "SchemingMind.com"]
[Date "2021.09.28"]
[Round "-"]
[White "Johnny Owens"]
[Black "Derek Price"]
[Result "1-0"]
[WhiteCountry "USA"]
[BlackCountry "ENG"]
[WhiteElo "2217"]
[WhiteRD "101"]
[BlackElo "2340"]
[BlackRD "70"]
[GameID "715774"]

1. Nf3 Nf6 2. b3 d6 3. Bb2 e5 4. c4 Be7 5. d3 O-O 6. g3 h6 7. Bg2 c6 8. O-O Re8 9. e4 Bf8 10. Nc3 a6
11. d4 Bg4 12. Re1 Nbd7 13. d5 cxd5 14. cxd5 Rc8 15. h3 Bxf3 16. Qxf3 Qa5 17. Rec1 Nc5 18. Qe3 Qb4 19. h4 a5 20. Rcb1 Qd4
21. Qf3 Qd3 22. Bc1 Be7 23. a3 Qxf3 24. Bxf3 Nd3 25. Bd2 Bd8 26. Nb5 Bb6 27. Nxd6 Nxf2 28. Nxe8 N2xe4+ 29. Kg2 Rxe8 30. Ra2 Rd8
31. Be1 Nd6 32. a4 e4 33. Be2 Nxd5 34. Rd2 Nf5 35. Bc4 Nde3+ 36. Kh3 g5 37. Rxd8+ Bxd8 38. Be2 Nd4 39. Bd2 Nec2 40. Bd1 e3
41. Bc3 Na3 42. Rb2 Bb6 43. hxg5 hxg5 44. Kg4 f6 45. b4 Nc4 46. Bb3 Nxb3 47. Rxb3 Nd2 48. Bxd2 exd2 49. Rd3 axb4 50. Rxd2 Kf7
51. Rd7+ Ke6 52. Rxb7 Bc5 53. a5 Kd5 54. a6 Kc6 55. Kf5 Bb6 56. Rb8 b3 57. a7 Bxa7 58. Rxb3 Bd4 59. g4 Be5 60. Ke6 Kc5
61. Rf3 Kd4 62. Rxf6 Ke4 63. Rf5 Bf4 64. Kf6 Bd2 65. Rxg5 Kf4 66. Rg6 Bc3+ 67. Kf7 Be1 68. Kg7 Kg3 69. g5 Kg4 70. Re6 Bc3+
71. Kh6 Bd2 72. Re5 Bc1 73. Kg6 Bd2 74. Re4+ Kf3 75. Ra4 Bc1 76. Kf5 Bb2 77. g6 Bh8 78. Ra7 Ke2 79. g7 Bxg7 80. Rxg7 Kd3
81. Rg4
1-0

[Event "BAGDAD"]
[Site "SchemingMind.com"]
[Date "2021.09.28"]
[Round "-"]
[White "Derek Price"]
[Black "Arnold Jones"]
[Result "1-0"]
[WhiteCountry "ENG"]
[BlackCountry "ENG"]
[WhiteElo "2203"]
[WhiteRD "69"]
[BlackElo "1501"]
[BlackRD "56"]
[GameID "715775"]

1. c4 g6 2. Nf3 Bg7 3. g3 e5 4. Nc3 f5 5. d3 Nc6 6. Bg2 d6 7. O-O Nge7 8. Rb1 O-O 9. e3 Be6 10. Ng5 Bd7
11. c5 h6 12. Qb3+ Kh8 13. cxd6 cxd6 14. Nf7+
1-0

[Event "BAGDAD"]
[Site "SchemingMind.com"]
[Date "2021.09.27"]
[Round "-"]
[White "Luisito"]
[Black "Derek Price"]
[Result "1/2-1/2"]
[WhiteCountry "CUB"]
[BlackCountry "ENG"]
[WhiteElo "2242"]
[WhiteRD "115"]
[BlackElo "2214"]
[BlackRD "68"]
[GameID "715776"]

1. d4 d5 2. Nf3 Nf6 3. c4 c6 4. Nc3 e6 5. e3 Nbd7 6. Qc2 Bd6 7. Bd3 O-O 8. O-O dxc4 9. Bxc4 b5 10. Bd3 Bb7
11. e4 e5 12. Nxe5 Nxe5 13. dxe5 Bxe5 14. h3 Re8 15. Be3 a6 16. f4 Bxc3 17. bxc3 c5 18. e5 c4 19. Be2 Be4 20. Qb2 Nd5
21. Bd4 Rb8 22. Qd2 Qd7 23. Bg4 Bf5 24. Bxf5 Qxf5 25. g4 Qd7 26. a3 Rbd8 27. Rad1 Qc6 28. f5 a5 29. Qg2 b4 30. axb4 axb4
31. cxb4 c3 32. Bxc3 Qxc3 33. Rxd5 Rxd5 34. Qxd5 Qxb4 35. Rd1=
1/2-1/2

[Event "BAGDAD"]
[Site "SchemingMind.com"]
[Date "2021.09.27"]
[Round "-"]
[White "Quotidienne1"]
[Black "Derek Price"]
[Result "0-1"]
[WhiteCountry "SWE"]
[BlackCountry "ENG"]
[WhiteElo "1580"]
[WhiteRD "71"]
[BlackElo "2265"]
[BlackRD "69"]
[GameID "715777"]

1. e4 c5 2. Nf3 d6 3. d4 cxd4 4. Nxd4 Nf6 5. Nc3 a6 6. Be3 e5 7. Nb3 Be6 8. f3 h5 9. Nd5 Bxd5 10. exd5 Nbd7
11. Qd2 g6 12. O-O-O Nb6 13. Qa5 Bh6 14. Bxh6 Rxh6 15. Qd2 Rh8 16. f4 exf4 17. Qxf4 Kf8 18. c4 Kg7 19. Bd3 Re8 20. Kb1 Qe7
21. Rhf1 Qe5 22. Qf2 Nbd7 23. h3 Qg5 24. Nd4 Re7 25. h4 Qg4 26. Bc2 Ne4 27. Bxe4 Qxe4+ 28. Ka1 Rae8 29. g4 Ne5 30. Qf6+ Kg8
31. Nf5 gxf5 32. Rxf5 Ng6 33. gxh5 Qxh4
0-1

[Event "BAGDAD"]
[Site "SchemingMind.com"]
[Date "2021.09.28"]
[Round "-"]
[White "Kenny Elliott"]
[Black "grabapawn"]
[Result "1-0"]
[WhiteCountry "USA"]
[BlackCountry "USA"]
[WhiteElo "1556"]
[WhiteRD "71"]
[BlackElo "1495"]
[BlackRD "64"]
[GameID "715779"]

1. d4 f5 2. c4 b6 3. Nc3 Nf6 4. Bf4 Bb7 5. e3 e6 6. Nf3 Be7 7. Be2 d6 8. Qa4+ Bc6 9. Nb5 a6 10. Nxc7+ Qxc7
11. Qd1 Nbd7 12. Ng5 e5 13. Ne6 Qb7 14. Nxg7+ Kd8 15. dxe5 Ne4 16. exd6 Bf6 17. Ne6+ Kc8 18. Rb1 Nxf2 19. Kxf2 Bh4+ 20. Bg3 Bxg3+
21. hxg3 Bxg2 22. Rh2 Be4 23. Rc1 Nf6 24. Nc7 Ra7 25. c5 bxc5 26. Rxc5 h5 27. Nb5+ Bc6 28. Nxa7+ Kb8 29. Nxc6+ Ka8 30. Qa4 Ne4+
31. Kg2 Nxc5 32. Qd4 Re8 33. Bf3 Ne4 34. d7 Qxc6 35. dxe8=Q+ Qxe8 36. Qd5+ Ka7 37. Bxe4
1-0

[Event "BAGDAD"]
[Site "SchemingMind.com"]
[Date "2021.09.27"]
[Round "-"]
[White "Phillip Beckett"]
[Black "grabapawn"]
[Result "0-1"]
[WhiteCountry "ENG"]
[BlackCountry "USA"]
[WhiteElo "1493"]
[WhiteRD "52"]
[BlackElo "1526"]
[BlackRD "61"]
[GameID "715780"]

1. e4 e5 2. Nf3 Nf6 3. Nxe5 Nc6 4. Nxc6 dxc6 5. e5 Ng4 6. d4 Be7 7. h3 Nxf2 8. Kxf2 O-O 9. g3 f6 10. Bc4+ Kh8
11. Kg2 Bf5 12. Kh2 Qe8 13. exf6 Rxf6 14. Bg5 Rd6 15. c3 Bxg5 16. Nd2 Rh6 17. Nf3 Be7 18. Kg2 Bd6 19. Qd2 Qg6 20. Ne5 Bxe5
21. dxe5 Be4+ 22. Kh2 Bf5 23. Qf4 Rxh3+ 24. Kg1 Rxg3+ 25. Kf1 Bd3+ 26. Bxd3 Qxd3+ 27. Kf2 Rg6 28. Rag1 Qc2+ 29. Kf1 Kg8 30. Rxg6 hxg6
31. Qh2 Rf8+ 32. Kg1 Qd1+ 33. Kg2 Qf3+ 34. Kg1 Qf1#
0-1

[Event "BAGDAD"]
[Site "SchemingMind.com"]
[Date "2021.09.28"]
[Round "-"]
[White "grabapawn"]
[Black "Daniel Dubé"]
[Result "1-0"]
[WhiteCountry "USA"]
[BlackCountry "CAN"]
[WhiteElo "1526"]
[WhiteRD "61"]
[BlackElo "1572"]
[BlackRD "58"]
[GameID "715781"]

1. f4 d5 2. b3 Nc6 3. Nf3 Nf6 4. Bb2 e6 5. e3 Be7 6. Be2 O-O 7. O-O Re8 8. Bd3 Ng4 9. h3 Nf6 10. Ng5 h6
11. Bxf6 Bxf6 12. Bh7+ Kf8 13. c3 hxg5 14. fxg5 Bxg5 15. Bg6 Re7 16. Qh5 Bh6 17. Bxf7
1-0

[Event "BAGDAD"]
[Site "SchemingMind.com"]
[Date "2021.09.27"]
[Round "-"]
[White "grabapawn"]
[Black "Quotidienne1"]
[Result "1-0"]
[WhiteCountry "USA"]
[BlackCountry "SWE"]
[WhiteElo "1515"]
[WhiteRD "64"]
[BlackElo "1580"]
[BlackRD "71"]
[GameID "715782"]

1. f4 g6 2. e3 Bg7 3. Bd3 d5 4. Nc3 Nh6 5. b3 O-O 6. Nf3 Nd7 7. Bb2 e5 8. Nxd5 Nc5 9. Bc4 b5 10. Bxb5 Qxd5
11. O-O exf4 12. Bxg7 Kxg7 13. Bc4 Qd6 14. a3 Bb7 15. Ra2 Rad8 16. Qa1+ f6 17. Ng5 fxe3 18. d4 Ng4 19. g3 Qxd4 20. Qxd4 Rxd4
21. Nf3 Bxf3 22. Rxf3
1-0

[Event "BAGDAD"]
[Site "SchemingMind.com"]
[Date "2021.09.28"]
[Round "-"]
[White "Gilligan"]
[Black "Kenny Elliott"]
[Result "1-0"]
[WhiteCountry "USA"]
[BlackCountry "USA"]
[WhiteElo "1704"]
[WhiteRD "56"]
[BlackElo "1549"]
[BlackRD "66"]
[GameID "715784"]

1. e4 c5 2. Nf3 d6 3. d4 Bg4 4. dxc5 Nc6 5. cxd6 exd6 6. Be2 Nf6 7. Nc3 Be7 8. O-O O-O 9. Nd5 Nxe4 10. Bd3 Bxf3
11. Qxf3 Nc5 12. Re1 Nxd3 13. Qxd3 Qd7 14. Qg3 Rfe8 15. Bh6 g6 16. Rxe7 Qf5 17. Qxd6 Qxd5 18. Rxe8+ Rxe8 19. Qxd5
1-0

[Event "BAGDAD"]
[Site "SchemingMind.com"]
[Date "2021.09.28"]
[Round "-"]
[White "grabapawn"]
[Black "Gilligan"]
[Result "0-1"]
[WhiteCountry "USA"]
[BlackCountry "USA"]
[WhiteElo "1495"]
[WhiteRD "64"]
[BlackElo "1652"]
[BlackRD "56"]
[GameID "715785"]

1. f4 e5 2. Nf3 e4 3. Nd4 c5 4. Nb5 Nf6 5. b3 d5 6. Bb2 Be7 7. h3 a6 8. N5c3 d4 9. Na4 b5 10. Nac3 dxc3
11. Bxc3 O-O 12. e3 b4 13. Bb2 a5 14. Bc4 Nbd7 15. O-O Bb7 16. d3 Nb6 17. Nd2 Nxc4 18. Nxc4 exd3 19. cxd3 g6 20. e4 Qc7
21. e5 Qc6 22. Rf2 Nh5 23. Qe2 Bh4 24. Rf3 Rfe8 25. Nd6 Qxd6 26. Re3 Nxf4 27. Qg4 Qd5 28. Rf1 Nxd3 29. Rd1 Bf2+
0-1

[Event "BAGDAD"]
[Site "SchemingMind.com"]
[Date "2021.09.28"]
[Round "-"]
[White "Gilligan"]
[Black "Phillip Beckett"]
[Result "1-0"]
[WhiteCountry "USA"]
[BlackCountry "ENG"]
[WhiteElo "1704"]
[WhiteRD "56"]
[BlackElo "1493"]
[BlackRD "52"]
[GameID "715786"]

1. e4 e5 2. Bc4 Nf6 3. d4 exd4 4. Nf3 Nc6 5. O-O Bc5 6. Re1 d6 7. h3 Ne5 8. Qe2 O-O 9. Bg5 h6 10. Bh4 Ng6
11. c3 dxc3 12. Nxc3 Nxh4 13. Nxh4 Nh7 14. Rad1 Qxh4 15. e5 Bxh3 16. gxh3 Qg3+ 17. Kf1 Qxh3+ 18. Kg1 Ng5 19. Rd3 Bxf2+ 20. Qxf2 Qg4+
21. Qg3 Nh3+ 22. Kh2 Qxg3+ 23. Kxg3 Ng5 24. exd6 cxd6 25. Rxd6 Rac8 26. Bd3 Rfd8 27. Rxd8+ Rxd8 28. Bc2 Rd2 29. Re8#
1-0

[Event "BAGDAD"]
[Site "SchemingMind.com"]
[Date "2021.09.28"]
[Round "-"]
[White "Gilligan"]
[Black "ray winteringham"]
[Result "0-1"]
[WhiteCountry "USA"]
[BlackCountry "ENG"]
[WhiteElo "1652"]
[WhiteRD "56"]
[BlackElo "1416"]
[BlackRD "51"]
[GameID "715787"]

1. e4 e5 2. Nf3 d6 3. d4 exd4 4. Nxd4 g6 5. Nc3 Bg7 6. Be3 b6 7. Bd3 Bb7 8. O-O Ne7 9. Nce2 Nd7 10. c3 O-O
11. Qd2 c5 12. Nf3 Qc7 13. h4 Rad8 14. h5 d5 15. Ng3 Nf6 16. e5 Nd7 17. h6 Bxe5 18. Nxe5 Nxe5 19. Bf4 f6 20. Qc2 Qc6
21. Rae1 d4 22. Be4 Qc7 23. cxd4 Rxd4 24. Bxb7 Rxf4 25. Be4 Re8 26. b3 Rh4 27. Qc1 Ng4 28. f3 Nh2 29. Bd5+ Kf8 30. Qe3 Qd6
31. Ne4 Nxd5 32. Nxd6 Rxe3 33. Rxe3 Nxe3 34. Re1 Rxh6 35. Rxe3 g5 36. Re8+ Kg7 37. Re7+ Kg6 38. Rxa7 g4 39. f4 g3 40. Ne4 Kf5
41. Nd6+ Kxf4 42. a4 Ng4 43. Re7 f5 44. Nc4 Nf6 45. Re6 Ng4 46. Rxh6 Nxh6 47. Nxb6 Nf7 48. Nd7 Nd6 49. Nxc5 h5 50. a5 Nb5
51. a6 h4 52. Ne6+ Ke5 53. Nc7 Nxc7 54. b4 Nb5 55. Kf1 Ke4 56. Ke2 f4 57. a7 Nxa7 58. b5 Nxb5 59. Kf1 f3 60. gxf3+ Kxf3
61. Kg1 h3 62. Kh1 Nd4 63. Kg1 Kg4 64. Kh1 g2+ 65. Kg1 Nf3+ 66. Kf2 g1=Q+
0-1

[Event "BAGDAD"]
[Site "SchemingMind.com"]
[Date "2021.09.28"]
[Round "-"]
[White "Daniel Dubé"]
[Black "Gilligan"]
[Result "0-1"]
[WhiteCountry "CAN"]
[BlackCountry "USA"]
[WhiteElo "1604"]
[WhiteRD "57"]
[BlackElo "1685"]
[BlackRD "59"]
[GameID "715788"]

1. d4 d5 2. c4 e6 3. Nf3 c6 4. g3 Nf6 5. b3 Be7 6. Bg2 O-O 7. O-O Nbd7 8. Ba3 Bxa3 9. Nxa3 b6 10. Ne5 Qc7
11. cxd5 cxd5 12. Rc1 Qb7 13. Nb5 Qb8 14. Nc7 Nxe5 15. dxe5 Nd7 16. Nxa8 Qxa8 17. f4 Nb8 18. Qc2 Nd7 19. Qc6 Qb8 20. Qc7 Qa8
21. f5 Nc5 22. b4 Na6 23. Qe7 Bb7 24. f6 Re8 25. Qd6 Qd8 26. Qxd8 Rxd8 27. a3 Bc8 28. Rf4 Nb8 29. fxg7 Kxg7 30. Rc7 Nd7
31. e4 d4 32. Bf1 Nxe5 33. h4 d3 34. Rxa7 d2 35. Be2 d1=Q+ 36. Bxd1 Rxd1+ 37. Kg2 Rd2+ 38. Kf1 Rd4 39. Rc7 Ba6+ 40. Kg2 Be2
41. Rf2 Rxe4 42. Rc2 Bh5 43. b5 Bg6 44. Ra2 Re3 45. a4 Be4+ 46. Kf1 Rxg3 47. a5 bxa5 48. Rxa5 Bd3+ 49. Ke1 Nc4 50. Ra7 Rg1+
0-1

[Event "BAGDAD"]
[Site "SchemingMind.com"]
[Date "2021.09.28"]
[Round "-"]
[White "Johnny Owens"]
[Black "Gilligan"]
[Result "1-0"]
[WhiteCountry "USA"]
[BlackCountry "USA"]
[WhiteElo "2089"]
[WhiteRD "80"]
[BlackElo "1684"]
[BlackRD "58"]
[GameID "715789"]

1. Nf3 d5 2. b3 Bf5 3. Bb2 e6 4. e3 Be7 5. Bxg7 Bf6 6. Bxh8 Bxh8 7. d4 Nc6 8. Bd3 Nh6 9. Nbd2 Qe7 10. O-O a6
11. Bxf5 Nxf5 12. c4 dxc4 13. bxc4 O-O-O 14. Rb1 f6 15. c5 Na7 16. Qb3 c6 17. Nc4 Rd7 18. Nb6+ Kb8 19. e4 Nxd4 20. Nxd7+ Qxd7
21. Nxd4 Nb5 22. Nxe6
1-0

[Event "BAGDAD"]
[Site "SchemingMind.com"]
[Date "2021.09.28"]
[Round "-"]
[White "Gilligan"]
[Black "Arnold Jones"]
[Result "1-0"]
[WhiteCountry "USA"]
[BlackCountry "ENG"]
[WhiteElo "1704"]
[WhiteRD "56"]
[BlackElo "1501"]
[BlackRD "56"]
[GameID "715790"]

1. e4 c5 2. Nf3 e6 3. Nc3 Nc6 4. d4 d5 5. Bb5 Be7 6. O-O dxe4 7. Nxe4 Qb6 8. Ba4 Bd7 9. dxc5 Qb4 10. Bxc6 Bxc6
11. Ng3 Rd8 12. Nd2 Bxc5 13. c3 Qh4 14. b4 Bb6 15. a4 a6 16. Qe2 Ne7 17. c4 Bd4 18. Ra2 O-O 19. b5 Bd7 20. Nf3 Qf6
21. Nh5 Qf5 22. Nxd4 Qg6 23. Ra3 Nf5 24. Nxf5 Qxf5 25. Rg3 g6 26. Rg5 Qb1 27. Nf6+ Kg7 28. Bb2 Qxf1+ 29. Kxf1 Bc8 30. Qe5 Rd1+
31. Ke2 Rfd8 32. Nxh7+
1-0

[Event "BAGDAD"]
[Site "SchemingMind.com"]
[Date "2021.09.28"]
[Round "-"]
[White "Luisito"]
[Black "Gilligan"]
[Result "1-0"]
[WhiteCountry "CUB"]
[BlackCountry "USA"]
[WhiteElo "2242"]
[WhiteRD "115"]
[BlackElo "1652"]
[BlackRD "56"]
[GameID "715791"]

1. d4 d5 2. Nf3 Nf6 3. c4 e6 4. Nc3 Be7 5. Bf4 b6 6. e3 O-O 7. Bd3 c5 8. dxc5 bxc5 9. O-O Bb7 10. cxd5 exd5
11. Qb3 Qc8 12. Bf5 Nbd7 13. Ne5 c4 14. Qa4 Rd8 15. Rfd1 g6 16. Bh3 Nc5 17. Bxc8 Nxa4 18. Bxb7 Nxc3 19. bxc3 Bd6 20. Bxa8 Rxa8
21. Nxg6 Bxf4 22. Nxf4 Ne4 23. Nxd5 Kg7 24. f3
1-0

[Event "BAGDAD"]
[Site "SchemingMind.com"]
[Date "2021.09.28"]
[Round "-"]
[White "Quotidienne1"]
[Black "Gilligan"]
[Result "0-1"]
[WhiteCountry "SWE"]
[BlackCountry "USA"]
[WhiteElo "1580"]
[WhiteRD "71"]
[BlackElo "1684"]
[BlackRD "58"]
[GameID "715792"]

1. e4 e5 2. Nf3 Nc6 3. Bc4 Bc5 4. b4 Bxb4 5. c3 Ba5 6. d4 exd4 7. Qb3 Nf6 8. Bxf7+ Ke7 9. e5 Ne4 10. Bd5 h6
11. Bxe4 d6 12. O-O Nxe5 13. Nxe5 dxe5
0-1

[Event "BAGDAD"]
[Site "SchemingMind.com"]
[Date "2021.09.28"]
[Round "-"]
[White "Kenny Elliott"]
[Black "Transcendent"]
[Result "0-1"]
[WhiteCountry "USA"]
[BlackCountry "ENG"]
[WhiteElo "1507"]
[WhiteRD "70"]
[BlackElo "1871"]
[BlackRD "82"]
[GameID "715794"]

1. d4 f5 2. c4 Nf6 3. Nf3 g6 4. Nc3 Bg7 5. Bf4 d6 6. c5 O-O 7. g3 Be6 8. Bg2 Bf7 9. Ng5 d5 10. Nxf7 Rxf7
11. Qb3 Nc6 12. Nxd5 Ne4 13. Bxe4 fxe4 14. Nxc7 Nxd4 15. Qc4 Rc8 16. O-O-O e5 17. Ne6 Qf6 18. Be3 Qxe6 19. Qxe6 Nxe6 20. Rd5 Nxc5
21. Rxc5 Rxc5+ 22. Bxc5 Rc7 23. b4 b6 24. Kb1 bxc5 25. bxc5 Rxc5 26. Rc1 Rxc1+ 27. Kxc1 Kf7 28. Kb2 Ke6 29. Kb3 Kd5 30. Kb4 Bf8+
31. Kb5 Bc5 32. f3 exf3 33. exf3 Bb6 34. a4 Bg1 35. h4 Bf2 36. Ka6 Kc4 37. a5 Kd3 38. g4 Ke2 39. h5 Kxf3 40. hxg6 hxg6
41. g5 Kf4 42. Kb7 e4 43. a6 Bd4
0-1

[Event "BAGDAD"]
[Site "SchemingMind.com"]
[Date "2021.09.28"]
[Round "-"]
[White "Derek Price"]
[Black "Transcendent"]
[Result "1-0"]
[WhiteCountry "ENG"]
[BlackCountry "ENG"]
[WhiteElo "2265"]
[WhiteRD "69"]
[BlackElo "1985"]
[BlackRD "72"]
[GameID "715795"]

1. c4 e5 2. Nc3 Bb4 3. Nd5 Bc5 4. Nf3 c6 5. Nc3 d6 6. e3 Nf6 7. d4 exd4 8. exd4 Bb4 9. Be2 O-O 10. O-O Re8
11. Bf4 d5 12. Re1 dxc4 13. Bxc4 Rxe1+ 14. Qxe1 Bg4 15. Ne5 Be6 16. Bxe6 fxe6 17. Nd3
1-0

[Event "BAGDAD"]
[Site "SchemingMind.com"]
[Date "2021.09.27"]
[Round "-"]
[White "Transcendent"]
[Black "grabapawn"]
[Result "1-0"]
[WhiteCountry "ENG"]
[BlackCountry "USA"]
[WhiteElo "1985"]
[WhiteRD "72"]
[BlackElo "1515"]
[BlackRD "64"]
[GameID "715796"]

1. d4 f5 2. Bg5 Nf6 3. Bxf6 exf6 4. e3 b6 5. Qf3 d5 6. c4 Bb4+ 7. Nc3 c6 8. O-O-O Be6 9. cxd5 cxd5 10. Bb5+ Kf7
11. Nge2 Qc7 12. Kb1 a6 13. Nxd5 Bxd5 14. Qxd5+ Kg6 15. Nf4+ Kh6 16. Be2
1-0

[Event "BAGDAD"]
[Site "SchemingMind.com"]
[Date "2021.09.28"]
[Round "-"]
[White "Gilligan"]
[Black "Transcendent"]
[Result "1-0"]
[WhiteCountry "USA"]
[BlackCountry "ENG"]
[WhiteElo "1684"]
[WhiteRD "58"]
[BlackElo "1985"]
[BlackRD "72"]
[GameID "715797"]

1. e4 c6 2. d4 d5 3. f3 dxe4 4. fxe4 e5 5. Nf3 Bg4 6. Bc4 Nd7 7. O-O Qb6 8. c3 Ngf6 9. b3 O-O-O 10. Be3 Nxe4
11. Bxf7 exd4 12. Bxd4
1-0

[Event "BAGDAD"]
[Site "SchemingMind.com"]
[Date "2021.09.28"]
[Round "-"]
[White "Phillip Beckett"]
[Black "Transcendent"]
[Result "0-1"]
[WhiteCountry "ENG"]
[BlackCountry "ENG"]
[WhiteElo "1493"]
[WhiteRD "52"]
[BlackElo "2098"]
[BlackRD "73"]
[GameID "715798"]

1. e4 e5 2. Nf3 d5 3. exd5 Bd6 4. d4 e4 5. Ne5 Nf6 6. Bb5+ c6 7. dxc6 bxc6 8. Nxc6 Qb6 9. Qe2 Nxc6 10. Bxc6+ Qxc6
11. c4 Ba6 12. b3 O-O 13. O-O Rfe8 14. d5 Qxd5 15. cxd5 Bxe2 16. Re1 Bd3 17. Nc3 Rac8
0-1